موسوعة العلوم السياسية / (Record no. 29525)
[ view plain ]
| 000 -الفاتح | |
|---|---|
| حقل البيانات ثابتة الطول | 00686nam a2200217Ia 4500 |
| 005 - وقت وتاريخ اخر تعامل مع التسجيلة | |
| رقم الضبط | 20240530102048.0 |
| 008 - عناصر البيانات ثابتة الطول - معلومات عامة | |
| حقل البيانات ثابتة الطول | 140319s9999 xx 000 0 ara d |
| 040 ## - مصدر الفهرسة | |
| وكالة الفهرسة الأصلية | GCL / |
| وكالة النسخ | GCL |
| 082 04 - رقم تصنيف ديوى العشرى | |
| رقم التصنيف | 320.03 |
| رقم المادة | م/م م |
| 100 1# - المدخل الرئيسى - إسم شخصى | |
| الإسم الشخصى | اسماعيل صبرى مقلد |
| 245 10 - بيان العنوان | |
| العنوان | موسوعة العلوم السياسية / |
| بيان المسئوليه,etc | اسماعيل صبرى مقلد |
| 260 ## - PUBLICATION, DISTRIBUTION, ETC. (IMPRINT) | |
| تاريخ النشر أو التوزيع | 1994 |
| 300 ## - الوصف المادى | |
| التعداد | 1987 ص ؛ |
| أبعاد الوعاء | 29 سم |
| 650 04 - المدخل الاضافى بالموضوع-مصطلح موضوعى | |
| مصطلح موضوعي | السياسة |
| 650 04 - المدخل الاضافى بالموضوع-مصطلح موضوعى | |
| مصطلح موضوعي | الاجتماع |
| 700 1# - المدخل الاضافى - اسم شخصى | |
| الإسم الشخصى | محمد محمود ربيع |
| 700 1# - المدخل الاضافى - اسم شخصى | |
| الإسم الشخصى | صادق محمد البسام |
| 700 1# - المدخل الاضافى - اسم شخصى | |
| الإسم الشخصى | شعيب عبدالله شعيب |
| 942 ## - عناصر المدخل الإضافي( كوها) | |
| مصدر التصنيف او مخطط الترفيف | Dewey Decimal Classification |
| Koha [default] item type | المراجع |
| 260 ## - PUBLICATION, DISTRIBUTION, ETC. (IMPRINT) | |
| -- | [S.N] : |
| -- | جامعة الكويت ، |
| حالة التراجع | حالة الفقد | مصدر التصنيف او خطة الترفيف | حالة تلف | ليس للاعارة | المكان المؤقت | الموقع الحالى | تاريخ الاكتساب | اجمالي اﻻعارات | رقم الطلب | الباركود | تاريخ اخر مشاهدة | تاريخ تفعيل السعر | نوع وعاء كوها |
|---|---|---|---|---|---|---|---|---|---|---|---|---|---|
| ddc | مكتبة القاهرة الكبرى | مكتبة القاهرة الكبرى | 03/26/2014 | 320.03 م/م م | 68459 | 03/26/2014 | 03/26/2014 | المراجع | |||||
| ddc | مكتبة القاهرة الكبرى | مكتبة القاهرة الكبرى | 03/26/2014 | 320.03 م/م م | 68460 | 03/26/2014 | 03/26/2014 | المراجع | |||||
| ddc | مكتبة القاهرة الكبرى | مكتبة القاهرة الكبرى | 03/26/2014 | 320.03 م/م م | 68461 | 03/26/2014 | 03/26/2014 | المراجع | |||||
| ddc | مكتبة القاهرة الكبرى | مكتبة القاهرة الكبرى | 03/26/2014 | 320.03 م/م م | 68462 | 03/26/2014 | 03/26/2014 | المراجع | |||||
| ddc | مكتبة القاهرة الكبرى | مكتبة القاهرة الكبرى | 03/26/2014 | 320.03 م/م م | 68463 | 03/26/2014 | 03/26/2014 | المراجع |

